| 000 | 00969nam a2200277Ia 4500 | ||
|---|---|---|---|
| 001 | Para_415 | ||
| 003 | CHAP | ||
| 008 | 220125s2000 xx 000 0 und d | ||
| 010 | _a199170 | ||
| 040 | _cCHAP | ||
| 090 | _aPA TESIS 1444 | ||
| 100 |
_aDomínguez Joachin, Joaquín _933833 |
||
| 245 |
_aImpacto de sistemas de labranza, arreglos topológicos y densidades de siembra sobre el rendimiento de maíz (Zea mays L.) en Chapingo, México / _c por Joaquín Domínguez Joachin |
||
| 260 |
_aChapingo, Méx. : _b el autor |
||
| 300 | _a52 h. | ||
| 502 | _aTesis (Ing. Agr. Esp. en Parasitología Agrícola) -- UACh. Departamento Parasitología Agrícola | ||
| 650 |
_aMaíz _x rendimiento _971051 |
||
| 710 |
_aUACh. Departamento Parasitología Agrícola _9164025 |
||
| 901 | _aPA TESIS 1444 | ||
| 902 | _aA | ||
| 905 | _a0000002000 in 0000000000 00 | ||
| 910 | _a2000 | ||
| 942 | _cPARA | ||
| 942 |
_cPARA _d1 |
||
| 999 |
_c199170 _d199170 |
||